000 00416nam a2200157 4500
001 121031
003 ES-MaACL
005 20230906191655.0
007 t|
008 070214s1970 sp r ||||1| spa d
245 0 4 _aLos Premios `Boscán` de poesía
_b: (1962-1966).
250 _a1ª ed.
260 _aBarcelona :
_bPlaza & Janés,
_c1970.
300 _a256 p. ;
_c19 cm.
852 _aES-MaACL
_jC-40028
_bR.73273
999 _c121031
_d121031